000
00245nmm a2200085Ia 4500
008
220120s9999||||xx |||||||||||||||||und||
100
_a
Digit
245
4
_a
The complete recovery toolkit; VLC,NTFS-3G , CLAM XAV,ABUNTU
260
_a
Nine dot Nine
_c
2013
999
_c
139850
_d
139850